000 00818nam a22002175i 4500
001 160751
003 ES-MaACL
005 20250728103617.0
008 960606s1772 fr |||| | fre d
040 _aCAM
_bspa
_cCAM
100 1 _aNonnotte, Claude-François.
_9130520
245 1 0 _aDictionnaire philosophique de la religion... /
_cpar l'auteur des erreurs de Voltaire...; tome second.
260 _a[S.l. :
_bs.n.],
_c1772.
300 _a[4], 408 p. ;
_c12º.
594 1 _aEl autor consta en Brunet, VI, 1853, con Avignon como lugar de impresión.
597 1 _aSign.: []2, A-R12.
597 1 _aAntep.
650 4 _aReligión-
_xFilosofía
_916799
852 _aES-MaACL
_jR-458-61
_z-- Enc. pasta
_z-- Ex-libris ms. de Maria de Castellis
_x Olim: D-2950-3
999 _c160751
_d160751